Online Catalogue and eLibrary

Selection examination english tests (Record no. 3037)

MARC details
000 -LEADER
fixed length control field 00548nam a2200157Ia 4500
005 - DATE AND TIME OF LATEST TRANSACTION
control field 20240815044703.0
008 - FIXED-LENGTH DATA ELEMENTS--GENERAL INFORMATION
fixed length control field 240331s9999 xx 000 0 und d
020 ## - INTERNATIONAL STANDARD BOOK NUMBER
ISBN 0602208602
082 ## - DDC Classification
Item Number - Author Mark RIC
Class No. 407
100 ## - MAIN ENTRY--PERSONAL NAME
Personal name Richards, H
245 #0 - TITLE STATEMENT
Title Selection examination english tests
Statement of responsibility, etc. Haydn, Richards
260 ## - PUBLICATION, DISTRIBUTION, ETC.
Place of publication, distribution, etc. Aylesbury
Name of publisher, distributor, etc. Ginn and Company Ltd
Date of publication, distribution, etc. 1980
300 ## - PHYSICAL DESCRIPTION
Extent (e.g. Volumes, Pages etc.) 128 p .,
500 ## - GENERAL NOTE
General note As its title implies this book has been specially designed to test the ability in English of children who intend sitting for the selection Examination
942 ## - Koha item type (Biblio)
Koha item type Books in Stacks (Lending)
Holdings
Lost status Damaged status Collection code Home library Current library Shelving location Date acquired Full call number Accession Number Item type
    Lending WERC Library WERC Library Social Science Cupboard 03/31/2024 407 RIC 611 Books in Stacks (Lending)

© WERC Library